[Event "GER-chT U16"]
[Site "Magdeburg"]
[Date "2023.12.29"]
[Round "5.8"]
[White "Weeke, Tom"]
[Black "Honisch, Alexander"]
[Result "0-1"]
[WhiteElo "1330"]
[BlackElo "2155"]
[PlyCount "48"]
[EventDate "2023.12.26"]
[EventType "team-swiss"]
[EventRounds "7"]
[EventCountry "GER"]
[SourceTitle "CB03_2024"]
[SourceDate "2024.01.17"]
[SourceVersion "1"]
[SourceVersionDate "2024.01.17"]
[SourceQuality "1"]
[WhiteTeam "Bielefeld"]
[BlackTeam "Bebenhausen"]
[WhiteTeamCountry "GER"]
[BlackTeamCountry "GER"]

1. e4 e5 2. Nf3 Nc6 3. Bc4 Bc5 4. c3 Nf6 5. b4 Bb6 6. d3 d6 7. a4 a5 8. b5 Ne7 9. h3 0-0 10. 0-0 Ng6 11. Re1 Re8 12. Ng5 d5 13. exd5 h6 14. Nf3 Nxd5 15. Qb3 Be6 16. d4 exd4 17. Nxd4 Bxd4 18. cxd4 Ndf4 19. Bxe6 Rxe6 20. Rxe6 Nxe6 21. d5 Nef4 22. Bxf4 Nxf4 23. Qf3 Qf6 24. Nc3 Qxc3 0-1

[Event "GER-chT U16"]
[Site "Magdeburg"]
[Date "2023.12.28"]
[Round "3.4"]
[White "Weeke, Tom"]
[Black "Shtompel, Yuriy"]
[Result "0-1"]
[WhiteElo "1330"]
[BlackElo "2072"]
[PlyCount "78"]
[EventDate "2023.12.26"]
[EventType "team-swiss"]
[EventRounds "7"]
[EventCountry "GER"]
[SourceTitle "CB03_2024"]
[SourceDate "2024.01.17"]
[SourceVersion "1"]
[SourceVersionDate "2024.01.17"]
[SourceQuality "1"]
[WhiteTeam "Bielefeld"]
[BlackTeam "Kiel Doppelbauer"]
[WhiteTeamCountry "GER"]
[BlackTeamCountry "GER"]

1. e4 c5 2. c3 Nf6 3. e5 Nd5 4. d4 cxd4 5. Nf3 e6 6. cxd4 d6 7. Bc4 b6 8. Bxd5 exd5 9. 0-0 Be7 10. Nc3 Bb7 11. Qa4+ Qd7 12. Qxd7+ Kxd7 13. Bf4 Na6 14. a3 Nc7 15. exd6 Bxd6 16. Bxd6 Kxd6 17. Ne5 Rhf8 18. Rfe1 f6 19. Nf3 Bc6 20. Rac1 Bd7 21. h3 Ne6 22. Re3 Rac8 23. Rce1 Nc7 24. Kf1 Rfe8 25. Rxe8 Bxe8 26. Nh4 Bd7 27. Nf3 Ne6 28. Re3 Rc4 29. b3 Rc8 30. Kg1 Nf4 31. Kf1 a6 32. Nd2 Bf5 33. Rf3 g5 34. Ke1 Nxg2+ 35. Kd1 Nf4 36. Ne2 Bc2+ 37. Ke1 Bd3 38. Rxf4 gxf4 39. f3 Re8 0-1